Planovoje chozjajstvo ježemesjačnyj politiko-ekonomičeskij žurnal Gosplana SSSR
Na minha lista:
| Formato: | Periódico |
|---|---|
| Idioma: | russo |
| Publicado em: |
Moskva
Ekonomika
|
| Tags: |
Sem tags, seja o primeiro a adicionar uma tag!
|
MARC
| LEADER | 00000nas1a22000001 4500 | ||
|---|---|---|---|
| 001 | s121005 | ||
| 005 | 20190204125520.3 | ||
| 041 | 0 | |a rus | |
| 044 | |a RU | ||
| 245 | 1 | 0 | |a Planovoje chozjajstvo |b ježemesjačnyj politiko-ekonomičeskij žurnal Gosplana SSSR |
| 264 | 1 | |a Moskva |b Ekonomika | |